Normal view
MARC view
- الصين-العلاقات الاقتصادية الخارجية-افريقيا
Entry Topical Term
001 - CONTROL NUMBER
- control field: 33905
003 - CONTROL NUMBER IDENTIFIER
- control field: JO-AjAnu
005 - DATE AND TIME OF LATEST TRANSACTION
- control field: 20230606075702.0
008 - FIXED-LENGTH DATA ELEMENTS
- fixed length control field: 230606|| aca||aabn | a|a d
040 ## - CATALOGING SOURCE
- Original cataloging agency: JO-AjAnu
- Transcribing agency: JO-AjAnu
150 ## - HEADING--TOPICAL TERM
- Topical term or geographic name entry element: الصين-العلاقات الاقتصادية الخارجية-افريقيا
670 ## - SOURCE DATA FOUND
- Source citation: Work cat.: (JO-AjAnu)17414: علي،عبير فريحات, author 33904, الدور الإفريقي في الإسراع بالريادة الصينية للاقتصاد العالمي =African role in speedup of the Chinese leadership of the global economY